Geography Quiz

Random Geography or Logic Quiz

Carmen Sandiego Logic Quest Quiz Stats

 Plays Quiz Updated May 27, 2014

     
Support Sporcle.
Go Orange.
Score 0/30 Timer 16:00
24 Plays Today
% Correct
???
100%
???
76.5%
???
74.9%
???
58.6%
???
57.4%
???
49.8%
???
38.4%
???
37.8%
???
36.1%
???
32.4%
???
27.5%
???
26.7%
???
25%
???
24.8%
???
19.9%
% Correct
???
19.7%
???
19.7%
???
18.7%
???
17.7%
???
17.1%
???
15.2%
???
14.2%
???
13.2%
???
13.1%
???
12.9%
???
12.8%
???
11.5%
???
11.1%
???
10.8%
???
9.8%

From the Vault

Premier League or Prime Minister

by ChargingTiger

We're just waiting for a premier league player AND prime minister.
Remove Ads.
Support Sporcle.
Get the best of Sporcle when you Go Orange. This ad-free experience offers more features, more stats, and more fun while also helping to support Sporcle. Thank you for becoming a member.

Show Comments

Extras

Top Quizzes Today


Score Distribution

Your Account Isn't Verified!

In order to create a playlist on Sporcle, you need to verify the email address you used during registration. Go to your Sporcle Settings to finish the process.

Report this User

Report this user for behavior that violates our Community Guidelines.

Details: